| 000 | 00357nam a2200145Ia 4500 | ||
|---|---|---|---|
| 008 | 240624s9999 xx 000 0 und d | ||
| 041 | _aeng | ||
| 082 | _a658.3 PAT | ||
| 100 | _aPATTANAYAK BISWAJEET | ||
| 245 | _aHUMAN RESOURCE MANAGEMENT | ||
| 250 | _a(4th ed.) | ||
| 260 |
_c2014 _aNew Delhi _bPHI |
||
| 300 | _axv, , 707 , 23 : p. : cm. | ||
| 365 | _cRS | ||
| 999 |
_c28845 _d28845 |
||